[Event "97th YMCA Autumn B"]
[Site "Warszawa"]
[Date "2011.10.19"]
[Round "5"]
[White "Jozwik, Jacek"]
[Black "Rzepecka, Dorota"]
[Result "1/2-1/2"]
[WhiteElo "1998"]
[BlackElo "1897"]
[PlyCount "83"]
[EventDate "2011.09.21"]
[EventType "tourn"]
[EventRounds "1"]
[EventCountry "POL"]
[SourceDate "2011.09.21"]

1. Nf3 Nf6 2. c4 g6 3. b3 Bg7 4. Bb2 O-O 5. g3 e6 6. Bg2 d5 7. O-O b6 8. d4 Bb7
9. Ne5 Nbd7 10. Nc3 c5 11. Nxd7 Qxd7 12. dxc5 bxc5 13. cxd5 exd5 14. Qc2 Rac8
15. Rad1 d4 16. Ne4 Bxe4 17. Bxe4 Nxe4 18. Qxe4 Rfe8 19. Qd3 Qg4 20. Rfe1 h5
21. f3 Qh3 22. e4 dxe3 23. Bxg7 Kxg7 24. Rxe3 Rxe3 25. Qxe3 Qf5 26. Rc1 Qd5 27.
Kf2 Rc6 28. Rc4 Re6 29. Qc3+ Kh7 30. Rxc5 Qd1 31. Re5 Qh1 32. Rxe6 Qxh2+ 33.
Kf1 fxe6 34. Qc7+ Kh6 35. Qxa7 Qxg3 36. Qe3+ Kg7 37. Qf2 Qe5 38. a4 Qc3 39. Kg2
Qxb3 40. Qd4+ Kf7 41. Qd7+ Kf6 42. Qd8+ 1/2-1/2

[Event "97th YMCA Autumn B"]
[Site "Warszawa"]
[Date "2011.10.19"]
[Round "5"]
[White "Szefer, Michal"]
[Black "Rozowski, Marcin"]
[Result "0-1"]
[WhiteElo "2041"]
[BlackElo "1908"]
[PlyCount "60"]
[EventDate "2011.09.21"]
[EventType "tourn"]
[EventRounds "1"]
[EventCountry "POL"]
[SourceDate "2011.09.21"]

1. e4 c5 2. Nf3 Nc6 3. d4 cxd4 4. c3 d5 5. exd5 Qxd5 6. cxd4 Bg4 7. Be2 e6 8.
O-O Nf6 9. Nc3 Qd8 10. Qa4 Be7 11. Rd1 Nd5 12. Be3 O-O 13. Rac1 Rc8 14. a3 Qd7
15. Qc2 Bf5 16. Bd3 Bxd3 17. Rxd3 Bf6 18. Bg5 Qd8 19. Nxd5 Bxg5 20. Ne3 Nxd4
21. Rxd4 Rxc2 22. Rxc2 Qe7 23. Nxg5 Qxg5 24. Rd7 Qb5 25. Rcd2 h5 26. h3 Rc8 27.
R7d4 Rc1+ 28. Kh2 Qe5+ 29. g3 g6 30. Nc4 Qe1 0-1

[Event "97th YMCA Autumn B"]
[Site "Warszawa"]
[Date "2011.10.19"]
[Round "5"]
[White "Sawicki, Mikolaj"]
[Black "Kubeczko, Grzegorz"]
[Result "1/2-1/2"]
[WhiteElo "2034"]
[BlackElo "2005"]
[Annotator "M"]
[PlyCount "92"]
[EventDate "2011.09.21"]
[EventType "tourn"]
[EventRounds "1"]
[EventCountry "POL"]
[SourceDate "2011.09.21"]

1. e4 d6 2. d4 g6 3. Nc3 c6 4. Be3 b5 5. a3 Bg7 6. h3 a6 7. g4 Nd7 8. Bg2 Bb7
9. Nge2 e6 10. O-O c5 11. Qd2 Qc7 12. Rad1 O-O-O 13. b4 cxb4 14. axb4 Nb6 15.
Qd3 Qc4 16. d5 Qxd3 17. cxd3 Nd7 18. Rc1 Kb8 19. dxe6 fxe6 20. f4 Ne7 21. Nd4
Rc8 22. Nce2 Rxc1 23. Rxc1 Bxd4 24. Bxd4 Rc8 25. Rxc8+ Kxc8 26. Bc3 Nc6 27. Kf2
e5 28. f5 g5 29. Ke3 Nf6 30. Bf3 Kd7 31. Be1 Ke7 32. h4 h6 33. hxg5 hxg5 34.
Bc3 Bc8 35. Nc1 Bd7 36. Nb3 Bc8 37. Bd1 Bb7 38. Kf3 Nd7 39. Bd2 Kf6 40. Ke3 Nb6
41. Bc2 Bc8 42. Bc3 Na4 43. Bd2 Nb6 44. Bd1 Bd7 45. Bf3 Be8 46. Nc1 Bf7 $11
1/2-1/2

[Event "97th YMCA Autumn B"]
[Site "Warszawa"]
[Date "2011.10.19"]
[Round "5"]
[White "Rusin, Ryszard"]
[Black "Jarmula, Lukasz"]
[Result "1-0"]
[WhiteElo "1859"]
[BlackElo "1940"]
[PlyCount "81"]
[EventDate "2011.09.21"]
[EventType "tourn"]
[EventRounds "1"]
[EventCountry "POL"]
[SourceDate "2011.09.21"]

1. d4 Nf6 2. c4 e6 3. Nf3 b6 4. e3 Bb7 5. Be2 Ne4 6. O-O Be7 7. Nbd2 O-O 8.
Nxe4 Bxe4 9. Nd2 Bb7 10. Qc2 d5 11. cxd5 exd5 12. Nf3 Bd6 13. Bd2 Nd7 14. Bc3
Nf6 15. Bd3 Ne4 16. Rac1 Qf6 17. Ne5 Qh6 18. f4 f6 19. Ng4 Qh4 20. Be2 f5 21.
Be1 Qe7 22. Ne5 c5 23. Rf3 cxd4 24. exd4 Rac8 25. Qd1 Rxc1 26. Qxc1 Rc8 27. Qd1
g5 28. g3 gxf4 29. gxf4 Bxe5 30. fxe5 Qg5+ 31. Kf1 Rc1 32. Qa4 Bc6 33. Qa6 Nd2+
34. Kf2 Nxf3 35. Qc8+ Kg7 36. Qc7+ Kh6 37. Qd6+ Qg6 38. Qf8+ Kg5 39. Bxf3 Rc2+
40. Kg3 Qh6 41. Qe7+ 1-0

[Event "97th YMCA Autumn B"]
[Site "Warszawa"]
[Date "2011.09.21"]
[Round "6"]
[White "Filar, Slawomir"]
[Black "Jarmula, Lukasz"]
[Result "1/2-1/2"]
[WhiteElo "2038"]
[BlackElo "1940"]
[Annotator "M"]
[PlyCount "74"]
[EventDate "2011.09.21"]
[EventType "tourn"]
[EventRounds "1"]
[EventCountry "POL"]
[SourceDate "2011.09.21"]

1. c4 e5 2. g3 Nf6 3. Bg2 d5 4. cxd5 Nxd5 5. Nc3 Nb6 6. d3 Be7 7. Nf3 Nc6 8.
O-O O-O 9. a3 Be6 10. b4 f6 11. Bb2 Qd7 12. Rc1 a5 13. b5 Nd4 14. Nxd4 exd4 15.
Ne4 Bd5 16. a4 f5 17. Nc5 Bxc5 18. Rxc5 Bxg2 19. Kxg2 f4 20. Qc2 Rac8 21. Rc1
fxg3 22. hxg3 Kh8 23. Rh1 Rf6 24. e3 Rcf8 25. f4 Nd5 26. Bxd4 Nxf4+ 27. exf4
Qxd4 28. Qc4 Qe3 29. Qe4 Qd2+ 30. Kf3 h6 31. Rxc7 Rd8 32. Re7 Rxd3+ 33. Kg4 Rd8
34. Re8+ Rxe8 35. Qxe8+ Kh7 36. Qe4+ Kh8 37. Qe8+ Kh7 $11 1/2-1/2

[Event "97th YMCA Autumn B"]
[Site "Warszawa"]
[Date "2011.10.26"]
[Round "6"]
[White "Kubeczko, Grzegorz"]
[Black "Rusin, Ryszard"]
[Result "1-0"]
[WhiteElo "2005"]
[BlackElo "1859"]
[PlyCount "73"]
[EventDate "2011.09.21"]
[EventType "tourn"]
[EventRounds "1"]
[EventCountry "POL"]
[SourceDate "2011.09.21"]

1. c4 e6 2. Nf3 d5 3. b3 Be7 4. Bb2 Bf6 5. d4 Ne7 6. Nbd2 Ng6 7. Qc2 Nc6 8.
O-O-O a5 9. a3 O-O 10. e3 Bd7 11. Bd3 Re8 12. h4 Nf8 13. Ng5 h6 14. Ngf3 dxc4
15. Nxc4 Be7 16. g4 b5 17. Nce5 Ra6 18. Nxd7 Qxd7 19. Bxb5 Rb6 20. Ne5 Qd6 21.
Bxc6 Reb8 22. Ba4 Qd5 23. f4 Rxb3 24. Bxb3 Rxb3 25. e4 Qb7 26. Nc4 Rg3 27. Rhg1
Rh3 28. Rd3 Rxh4 29. Rb3 Qa6 30. Ne5 Bd6 31. Qf2 g5 32. fxg5 Bxe5 33. Qxh4 Qc4+
34. Kb1 Bf4 35. Rc3 Qxd4 36. Qe1 hxg5 37. Rh3 1-0

[Event "97th YMCA Autumn B"]
[Site "Warszawa"]
[Date "2011.11.08"]
[Round "6"]
[White "Rozowski, Marcin"]
[Black "Sawicki, Mikolaj"]
[Result "1/2-1/2"]
[WhiteElo "1908"]
[BlackElo "2034"]
[Annotator "M"]
[PlyCount "72"]
[EventDate "2011.09.21"]
[EventType "tourn"]
[EventRounds "1"]
[EventCountry "POL"]
[SourceDate "2011.09.21"]

1. e4 e5 2. Nf3 Nf6 3. Nxe5 d6 4. Nf3 Nxe4 5. Qe2 Qe7 6. g3 Nc6 7. Bg2 Nf6 8.
Qxe7+ Bxe7 9. d4 Nb4 10. Na3 Bf5 11. Kd1 O-O-O 12. Bd2 Nc6 13. c3 Ng4 14. Be3
Nxe3+ 15. fxe3 Rhe8 16. Rf1 Bg6 17. Kd2 f5 18. Ne1 Bg5 19. Nac2 Ne7 20. Nd3 Kb8
21. Nf4 Bxf4 22. exf4 Ng8 23. Rae1 Rxe1 24. Rxe1 Re8 25. Rxe8+ $11 Bxe8 26. Ne3
Bd7 27. Bh3 g6 28. Bg2 c6 29. Kd3 Kc7 30. Nf1 Nf6 31. Nd2 b5 32. Bf3 Be6 33. b3
Bd5 34. Bxd5 Nxd5 35. Nf3 Nf6 36. Ng5 Kd7 $11 1/2-1/2

[Event "97th YMCA Autumn B"]
[Site "Warszawa"]
[Date "2011.11.04"]
[Round "6"]
[White "Rzepecka, Dorota"]
[Black "Szefer, Michal"]
[Result "0-1"]
[WhiteElo "1897"]
[BlackElo "2041"]
[PlyCount "62"]
[EventDate "2011.09.21"]
[EventType "tourn"]
[EventRounds "1"]
[EventCountry "POL"]
[SourceDate "2011.09.21"]

1. e4 c5 2. c3 d6 3. d4 Nf6 4. Bd3 Nc6 5. Bc2 g6 6. h3 Bg7 7. Nf3 O-O 8. O-O e5
9. Be3 b6 10. Re1 Qc7 11. Qd2 Ba6 12. d5 Ne7 13. Bh6 Ne8 14. Bxg7 Kxg7 15. Qg5
f5 16. Nbd2 f4 17. Rad1 Nf6 18. Nxe5 dxe5 19. d6 Qxd6 20. Nf3 Qe6 21. Bb3 c4
22. Ba4 b5 23. Bc2 Nc6 24. Nh4 Rad8 25. Kh2 Bc8 26. a4 b4 27. Rxd8 Rxd8 28. Bd1
bxc3 29. bxc3 Rd2 30. Kg1 Nxe4 31. Bg4 Nxg5 0-1

[Event "97th YMCA Autumn B"]
[Site "Warszawa"]
[Date "2011.10.26"]
[Round "6"]
[White "Sielicki, Tomasz"]
[Black "Jozwik, Jacek"]
[Result "0-1"]
[WhiteElo "2022"]
[BlackElo "1998"]
[PlyCount "96"]
[EventDate "2011.09.21"]
[EventType "tourn"]
[EventRounds "1"]
[EventCountry "POL"]
[SourceDate "2011.09.21"]

1. d4 d5 2. Bg5 g6 3. Nd2 Bg7 4. c3 Nf6 5. Ngf3 Nbd7 6. e3 h6 7. Bh4 g5 8. Bg3
Nh5 9. Be5 Nxe5 10. Nxe5 Nf6 11. Bd3 c6 12. O-O Qb6 13. Rb1 h5 14. c4 Ng4 15.
Ndf3 Nxe5 16. Nxe5 Bxe5 17. dxe5 Be6 18. Qc2 dxc4 19. Bxc4 Qc5 20. Rfc1 Qxe5
21. Bxe6 Qxe6 22. b4 O-O 23. Qe2 Qg6 24. b5 Rac8 25. h4 g4 26. a4 Rfd8 27. Rb2
c5 28. Rd2 Rxd2 29. Qxd2 Qe6 30. e4 Qe5 31. Qd7 Rc7 32. Qd8+ Kg7 33. Rd1 g3 34.
fxg3 Qxg3 35. Rd3 Qe1+ 36. Kh2 Qxh4+ 37. Rh3 Qf4+ 38. Rg3+ Kf6 39. Kh3 Qe5 40.
Rd3 c4 41. Rd5 Qxe4 42. Rd6+ Kg7 43. Rd5 Qe6+ 44. Kh2 Rc8 45. Rg5+ Kf6 46. Qd2
Qd6+ 47. Qxd6+ exd6 48. Rd5 Ke6 0-1

[Event "97th YMCA Autumn B"]
[Site "Warszawa"]
[Date "2011.10.20"]
[Round "6"]
[White "Safanowski, Tomasz"]
[Black "Bernacki, Gabriel"]
[Result "1-0"]
[WhiteElo "1953"]
[BlackElo "1914"]
[PlyCount "57"]
[EventDate "2011.09.21"]
[EventType "tourn"]
[EventRounds "1"]
[EventCountry "POL"]
[SourceDate "2011.09.21"]

1. g3 Nf6 2. Bg2 d5 3. Nf3 e6 4. O-O Be7 5. c4 O-O 6. Qc2 b6 7. d3 Bb7 8. Nc3
a6 9. cxd5 Nxd5 10. Nxd5 exd5 11. Be3 Re8 12. Rfc1 c6 13. Qb3 c5 14. a4 Nc6 15.
a5 Nxa5 16. Rxa5 bxa5 17. Qxb7 Rb8 18. Qxa6 Rxb2 19. Bxc5 Bxc5 20. Rxc5 Qe7 21.
d4 Rb1+ 22. Bf1 a4 23. Rxd5 Ra1 24. Qb5 f6 25. Ne5 Rc8 26. Rd7 Qe8 27. Qd5+ Kh8
28. Nf7+ Kg8 29. Nd6+ 1-0

[Event "97th YMCA Autumn B"]
[Site "Warszawa"]
[Date "2011.10.27"]
[Round "7"]
[White "Bernacki, Gabriel"]
[Black "Filar, Slawomir"]
[Result "1-0"]
[WhiteElo "1914"]
[BlackElo "2038"]
[PlyCount "73"]
[EventDate "2011.09.21"]
[EventType "tourn"]
[EventRounds "1"]
[EventCountry "POL"]
[SourceDate "2011.09.21"]

1. d4 Nf6 2. c4 e6 3. Nc3 d5 4. cxd5 Nxd5 5. e4 Nxc3 6. bxc3 c5 7. Nf3 Be7 8.
Bd3 O-O 9. O-O b6 10. Qe2 Bb7 11. Be3 Nd7 12. e5 Rc8 13. Rad1 Qc7 14. Ng5 Bxg5
15. Bxg5 Rfe8 16. Qg4 Qc6 17. Rfe1 Qa4 18. Bf6 Nxf6 19. exf6 g6 20. Qg5 Kh8 21.
Qh6 Rg8 22. dxc5 bxc5 23. Rb1 Bd5 24. Re3 Qg4 25. Rg3 Qh5 26. Qf4 g5 27. Qe5
Rg6 28. Bxg6 Qxg6 29. Rb8 Rxb8 30. Qxb8+ Qg8 31. Qe5 h6 32. h4 g4 33. Qf4 h5
34. c4 Bc6 35. Qh6+ Qh7 36. Qf8+ Qg8 37. Qxc5 1-0

[Event "97th YMCA Autumn B"]
[Site "Warszawa"]
[Date "2011.11.02"]
[Round "7"]
[White "Jozwik, Jacek"]
[Black "Safanowski, Tomasz"]
[Result "1/2-1/2"]
[WhiteElo "1998"]
[BlackElo "1953"]
[PlyCount "136"]
[EventDate "2011.09.21"]
[EventType "tourn"]
[EventRounds "1"]
[EventCountry "POL"]
[SourceDate "2011.09.21"]

1. d4 Nf6 2. Bg5 d6 3. Nf3 Nbd7 4. c4 e5 5. Nc3 Be7 6. e3 h6 7. Bh4 c6 8. Qc2
a6 9. Bg3 Qa5 10. a3 O-O 11. b4 Qc7 12. Be2 Nh5 13. Bh4 Bxh4 14. Nxh4 exd4 15.
Bxh5 Qd8 16. Nf5 dxc3 17. Nxd6 Nf6 18. Bxf7+ Rxf7 19. Nxf7 Qd2+ 20. Qxd2 cxd2+
21. Kxd2 Kxf7 22. f3 Be6 23. Kc3 b5 24. cxb5 Nd5+ 25. Kd4 axb5 26. e4 Nb6 27.
Kc5 Nc4 28. Rhd1 Ra6 29. f4 Ke7 30. Rd3 Nb2 31. Rg3 Na4+ 32. Kd4 Kf6 33. f5 Bc4
34. Rg6+ Kf7 35. Rd1 Ra7 36. Ke5 Re7+ 37. Kd6 Nc3 38. Re1 Nxe4+ 39. Kxc6 Bd5+
40. Kxd5 Nc3+ 41. Kd4 Rxe1 42. Kxc3 Re3+ 43. Kb2 Re5 44. g4 Re2+ 45. Kc3 Re3+
46. Kd4 Rxa3 47. Kc5 Rh3 48. Kxb5 Rxh2 49. Kc6 h5 50. b5 Rc2+ 51. Kd7 Rb2 52.
b6 hxg4 53. Kc7 Rc2+ 54. Kb8 Rc5 55. b7 Rxf5 56. Rxg4 Rb5 57. Kc7 Kf6 58. b8=Q
Rxb8 59. Kxb8 g5 60. Kc7 Kf5 61. Ra4 g4 62. Kd6 g3 63. Kd5 g2 64. Ra8 Kf4 65.
Rg8 Kf3 66. Kd4 Kf2 67. Rf8+ Ke2 68. Rg8 Kf2 1/2-1/2

[Event "97th YMCA Autumn B"]
[Site "Warszawa"]
[Date "2011.11.02"]
[Round "7"]
[White "Szefer, Michal"]
[Black "Sielicki, Tomasz"]
[Result "0-1"]
[WhiteElo "2041"]
[BlackElo "2022"]
[PlyCount "76"]
[EventDate "2011.09.21"]
[EventType "tourn"]
[EventRounds "1"]
[EventCountry "POL"]
[SourceDate "2011.09.21"]

1. e4 e5 2. d4 exd4 3. Qxd4 Nc6 4. Qe3 Nf6 5. Nc3 Bb4 6. Bd2 Qe7 7. O-O-O d6 8.
f3 Be6 9. Bb5 O-O 10. Nge2 Ne5 11. Nd5 Bxd2+ 12. Qxd2 Bxd5 13. exd5 c5 14. Ng3
g6 15. h4 a6 16. Be2 Rae8 17. h5 b5 18. f4 Ned7 19. Bf3 Qe3 20. hxg6 hxg6 21.
Nf1 Qxd2+ 22. Nxd2 c4 23. Rhe1 Kg7 24. g4 Nb6 25. Ne4 Nxe4 26. Bxe4 Re7 27. Bf3
Rfe8 28. Rf1 Re3 29. g5 c3 30. b3 a5 31. Bg4 b4 32. f5 gxf5 33. Rxf5 R8e5 34.
Rdf1 Re1+ 35. Rxe1 Rxe1+ 36. Bd1 Nd7 37. Rf4 Nc5 38. Rc4 Ne4 0-1

[Event "97th YMCA Autumn B"]
[Site "Warszawa"]
[Date "2011.11.02"]
[Round "7"]
[White "Sawicki, Mikolaj"]
[Black "Rzepecka, Dorota"]
[Result "0-1"]
[WhiteElo "2034"]
[BlackElo "1897"]
[PlyCount "82"]
[EventDate "2011.09.21"]
[EventType "tourn"]
[EventRounds "1"]
[EventCountry "POL"]
[SourceDate "2011.09.21"]

1. e4 e6 2. d3 b6 3. Nd2 Bb7 4. g3 g6 5. Bg2 Bg7 6. Ngf3 Ne7 7. O-O O-O 8. Nh4
d5 9. f4 Nd7 10. c3 Nc5 11. Qc2 dxe4 12. d4 Nd3 13. Nxe4 Bxd4+ 14. cxd4 Qxd4+
15. Nf2 Bxg2 16. Kxg2 Nb4 17. Qe2 Ned5 18. a3 Nc6 19. Nf3 Qg7 20. Ng4 Rad8 21.
Ne3 e5 22. Nxd5 Rxd5 23. Be3 Rfd8 24. Rac1 Nd4 25. Bxd4 exd4 26. Rxc7 d3 27.
Qd2 Qf8 28. Ne5 Qd6 29. Rfc1 Rb5 30. Rc8 Qd5+ 31. Nf3 Rxc8 32. Rxc8+ Kg7 33.
Qc3+ Kh6 34. Rc4 d2 35. Rd4 d1=Q 36. Rxd1 Qxd1 37. g4 Qe2+ 38. Kg3 Rxb2 39. Kh4
Qf2+ 40. Kh3 Re2 41. f5 Re3 0-1

[Event "97th YMCA Autumn B"]
[Site "Warszawa"]
[Date "2011.11.02"]
[Round "7"]
[White "Rusin, Ryszard"]
[Black "Rozowski, Marcin"]
[Result "0-1"]
[WhiteElo "1859"]
[BlackElo "1908"]
[PlyCount "112"]
[EventDate "2011.09.21"]
[EventType "tourn"]
[EventRounds "1"]
[EventCountry "POL"]
[SourceDate "2011.09.21"]

1. d4 Nf6 2. c4 c5 3. d5 b5 4. a4 bxc4 5. Nc3 d6 6. e4 Ba6 7. f4 g6 8. Nf3 Bg7
9. Nd2 O-O 10. Bxc4 Bxc4 11. Nxc4 Na6 12. O-O Nd7 13. Qe2 Nb4 14. a5 Qb8 15.
Rd1 Qb7 16. e5 Qa6 17. Qe4 Nc2 18. Ra4 Nd4 19. Rd3 dxe5 20. fxe5 Nxe5 21. Nxe5
Bxe5 22. Rh3 Qf6 23. Qg4 Rab8 24. Ne4 Qf5 25. Qxf5 gxf5 26. Nc3 e6 27. Kf1 Rfd8
28. Rc4 Rbc8 29. dxe6 fxe6 30. Bg5 Rd7 31. Na4 Bd6 32. Bf6 Nb5 33. Rd3 Rdc7 34.
g3 Kf7 35. Bg5 e5 36. Be3 Nd4 37. Rdc3 Ke6 38. Rd3 Rb8 39. Bd2 e4 40. Rdc3 Kd5
41. Be3 Ne6 42. Rc1 Rb5 43. Bd2 Be5 44. R4c2 Kd6 45. Rd1 Bd4 46. Bc3 Ke5 47.
Bd2 h5 48. Re1 Rf7 49. Rec1 h4 50. Bf4+ Nxf4 51. gxf4+ Kxf4 52. Nxc5 Bxc5 53.
Rxc5 Rxb2 54. Rc7 Rxc7 55. Rxc7 Kf3 56. Ke1 e3 0-1

[Event "97th YMCA Autumn B"]
[Site "Warszawa"]
[Date "2011.11.02"]
[Round "7"]
[White "Jarmula, Lukasz"]
[Black "Kubeczko, Grzegorz"]
[Result "1-0"]
[WhiteElo "1940"]
[BlackElo "2005"]
[PlyCount "93"]
[EventDate "2011.09.21"]
[EventType "tourn"]
[EventRounds "1"]
[EventCountry "POL"]
[SourceDate "2011.09.21"]

1. d4 d5 2. c4 c6 3. Nf3 Nf6 4. e3 Bf5 5. Nc3 e6 6. Nh4 Bg4 7. Qb3 Qb6 8. Bd2
Be7 9. h3 Bh5 10. g4 Bg6 11. Nxg6 hxg6 12. Be2 Nbd7 13. O-O-O Qxb3 14. axb3 Ne4
15. Nxe4 dxe4 16. f3 exf3 17. Bxf3 O-O-O 18. Kc2 Bg5 19. Ra1 Kb8 20. Ra5 f5 21.
Bg2 Nf6 22. Rha1 a6 23. b4 Kc7 24. gxf5 gxf5 25. b5 axb5 26. cxb5 Nd5 27. bxc6
Nxe3+ 28. Bxe3 Bxe3 29. Ra7 Rb8 30. Kd3 Bg5 31. cxb7 Rhd8 32. Ra8 Bf4 33. Kc4
Be3 34. Rxb8 Rxb8 35. Ra8 Bf4 36. Kb5 Be3 37. Kc4 Bf4 38. Ra6 Kd7 39. Kc5 Bc7
40. b4 Rd8 41. Ra8 Rb8 42. Kb5 e5 43. dxe5 Bxe5 44. Ka6 Kc7 45. b5 Kd7 46. Ka7
Rd8 47. Rxd8+ 1-0

[Event "97th YMCA Autumn B"]
[Site "Warszawa"]
[Date "2011.11.09"]
[Round "8"]
[White "Filar, Slawomir"]
[Black "Kubeczko, Grzegorz"]
[Result "0-1"]
[WhiteElo "2038"]
[BlackElo "2005"]
[Annotator "M"]
[PlyCount "116"]
[EventDate "2011.09.21"]
[EventType "tourn"]
[EventRounds "1"]
[EventCountry "POL"]
[SourceDate "2011.09.21"]

1. c4 e5 2. g3 g6 3. Bg2 Bg7 4. Nc3 Nc6 5. Nf3 d6 6. d3 h6 7. O-O Nf6 8. Rb1
O-O 9. b4 a6 10. a4 Be6 11. b5 axb5 12. axb5 Ne7 13. Bd2 Qd7 14. Ra1 Rab8 15.
Ra7 Bh3 16. Qa4 Bxg2 17. Kxg2 Nh5 18. e4 f5 19. b6 c6 20. Qb4 fxe4 21. dxe4 c5
22. Qb2 Nc6 23. Ra3 Rxf3 24. Kxf3 Qh3 25. Ke2 Nd4+ 26. Ke1 Nf3+ 27. Ke2 Nxh2
28. Rg1 Qg4+ 29. Kd3 Nf3 30. Rga1 Nf6 31. Qc1 Nd4 32. Bxh6 Qf3+ 33. Be3 d5 34.
cxd5 c4+ 35. Kd2 Bf8 36. Qd1 Qg2 37. Bxd4 exd4 38. Ra8 dxc3+ 39. Kxc3 Nxe4+ 40.
Kxc4 Nd6+ 41. Kb3 Rxa8 42. Rxa8 Qxf2 43. Qd3 Qxb6+ 44. Kc2 Qf2+ 45. Kb3 Qf7 46.
Ra4 Bh6 47. Rg4 Kh7 48. Rh4 Nf5 49. Re4 Ne7 50. Kc4 Nf5 51. Re6 Qc7+ 52. Kb5
Nd6+ 53. Kb4 Qb6+ 54. Kc3 Qc5+ 55. Kb3 Nf5 56. g4 Nd4+ 57. Kb2 Nxe6 58. dxe6
Qb6+ $138 0-1

[Event "97th YMCA Autumn B"]
[Site "Warszawa"]
[Date "2011.10.31"]
[Round "8"]
[White "Rozowski, Marcin"]
[Black "Jarmula, Lukasz"]
[Result "1/2-1/2"]
[WhiteElo "1908"]
[BlackElo "1940"]
[Annotator "M"]
[PlyCount "46"]
[EventDate "2011.09.21"]
[EventType "tourn"]
[EventRounds "1"]
[EventCountry "POL"]
[SourceDate "2011.09.21"]

1. e4 c5 2. Nc3 d6 3. f4 g6 4. Nf3 Bg7 5. Bb5+ Nc6 6. Bxc6+ bxc6 7. O-O e6 8.
d3 Ne7 9. e5 O-O 10. Ne4 dxe5 11. Nxe5 f5 12. Nc3 Bxe5 13. fxe5 Qd4+ 14. Kh1
Qxe5 15. Bf4 Qd4 16. Qe1 Nd5 17. Be5 Qg4 18. Rf3 f4 19. Nxd5 cxd5 20. Qf2 d4
21. Rxf4 Bb7 22. Rg1 Rxf4 23. Qxf4 Qxf4 $11 1/2-1/2

[Event "97th YMCA Autumn B"]
[Site "Warszawa"]
[Date "2011.11.09"]
[Round "8"]
[White "Rzepecka, Dorota"]
[Black "Rusin, Ryszard"]
[Result "1-0"]
[WhiteElo "1897"]
[BlackElo "1859"]
[PlyCount "231"]
[EventDate "2011.09.21"]
[EventType "tourn"]
[EventRounds "1"]
[EventCountry "POL"]
[SourceDate "2011.09.21"]

1. e4 e6 2. d4 d5 3. Nc3 Nf6 4. e5 Nfd7 5. f4 c5 6. Nf3 Nc6 7. Be3 a6 8. Be2
Qb6 9. Na4 Qa5+ 10. c3 c4 11. b4 cxb3 12. axb3 Qd8 13. O-O b5 14. Nc5 Bxc5 15.
dxc5 Bb7 16. b4 O-O 17. Bd3 f6 18. exf6 Rxf6 19. Ng5 Nf8 20. Qh5 h6 21. Rae1 d4
22. Bd2 Ne7 23. Ne4 Rg6 24. Nd6 Rxg2+ 25. Kh1 Rg5+ 26. Nxb7 Rxh5 27. Nxd8 Rxd8
28. Be2 Rf5 29. Bg4 Rf6 30. cxd4 Nc6 31. Bc3 Nxd4 32. Rd1 e5 33. fxe5 Rxf1+ 34.
Rxf1 Nde6 35. c6 Rd3 36. Rc1 Kf7 37. Be1 Nc7 38. e6+ Nfxe6 39. Bxe6+ Kxe6 40.
Bg3 Nd5 41. c7 Nxc7 42. Rxc7 Rb3 43. Rc6+ Kd5 44. Rxa6 Rxb4 45. Rg6 h5 46. Rg5+
Ke4 47. Rxh5 Kf3 48. Rf5+ Kg4 49. Rf7 g5 50. Kg2 Rc4 51. Rb7 Rc2+ 52. Kf1 Rb2
53. Be5 Rb3 54. Ke2 Kf5 55. Bg3 Ke4 56. Kd2 b4 57. Kc2 Rc3+ 58. Kd2 Rb3 59.
Re7+ Kf3 60. Kc2 Rc3+ 61. Kb2 Kg2 62. Re2+ Kh3 63. Bd6 g4 64. Re4 Rf3 65. Rxb4
Rd3 66. Bb8 Rd8 67. Rb3+ Kg2 68. Bg3 Re8 69. Kc1 Rd8 70. Rb4 Kh3 71. Kc2 Rd7
72. Rb3 Kg2 73. Rd3 Ra7 74. Kd2 Re7 75. Re3 Ra7 76. Ke2 Rb7 77. Re4 Kh3 78. Ke3
Rf7 79. Bf4 Ra7 80. Kf2 Rf7 81. Kg1 Rb7 82. Re3+ Kh4 83. Bg3+ Kg5 84. Bf2 Kf4
85. Kg2 Rb2 86. Re8 Rb3 87. Rf8+ Kg5 88. Bc5 Rb2+ 89. Rf2 Rb3 90. Be7+ Kg6 91.
Rf4 Kh5 92. Rf5+ Kh6 93. Bc5 Kg6 94. Rd5 Rc3 95. Kf2 Rf3+ 96. Kg2 Rc3 97. Bf2
Rb3 98. Re5 Kh6 99. Re3 Rb5 100. Kg3 Kh5 101. Re8 Rb3+ 102. Be3 Ra3 103. Re5+
Kg6 104. Kxg4 Ra6 105. Rg5+ Kh7 106. h4 Ra4+ 107. Kh5 Re4 108. Rg3 Re6 109. Bg5
Rf6 110. Rc3 Rf8 111. Rc7+ Kg8 112. Kg6 Ra8 113. h5 Kh8 114. Bf6+ Kg8 115. h6
Rf8 116. h7# 1-0

[Event "97th YMCA Autumn B"]
[Site "Warszawa"]
[Date "2011.11.21"]
[Round "8"]
[White "Sielicki, Tomasz"]
[Black "Sawicki, Mikolaj"]
[Result "1-0"]
[WhiteElo "2022"]
[BlackElo "2034"]
[PlyCount "85"]
[EventDate "2011.09.21"]
[EventType "tourn"]
[EventRounds "1"]
[EventCountry "POL"]
[SourceDate "2011.09.21"]

1. d4 f5 2. e4 fxe4 3. Nc3 Nf6 4. Bg5 Nc6 5. d5 Ne5 6. Qd4 Nf7 7. h4 c6 8.
O-O-O Qb6 9. Bxf6 gxf6 10. Qxe4 Qxf2 11. Nf3 Bh6+ 12. Kb1 Qe3 13. Qc4 Qf4 14.
Qb3 Qc7 15. Bd3 d6 16. Nd4 Ne5 17. Bf5 Bxf5 18. Nxf5 Bf8 19. dxc6 bxc6 20. Qe6
d5 21. Ne4 Kd8 22. Nxf6 Nd7 23. Nxd5 cxd5 24. Rxd5 Rc8 25. c4 Qc6 26. Qe5 e6
27. Nd4 Qxc4 28. Nxe6+ Ke7 29. Rxd7+ Kxd7 30. Rd1+ Kc6 31. Rc1 Qxc1+ 32. Kxc1
Bd6 33. Qf5 Rhe8 34. Kb1 Re7 35. a4 a6 36. Nd4+ Kc7 37. Qa5+ Kd7 38. Qxa6 Re1+
39. Ka2 Rec1 40. Qb5+ Ke7 41. Nf5+ Ke6 42. Nxd6 Kxd6 43. Qd3+ 1-0

[Event "97th YMCA Autumn B"]
[Site "Warszawa"]
[Date "2011.11.09"]
[Round "8"]
[White "Safanowski, Tomasz"]
[Black "Szefer, Michal"]
[Result "1/2-1/2"]
[WhiteElo "1953"]
[BlackElo "2041"]
[Annotator "M"]
[PlyCount "146"]
[EventDate "2011.09.21"]
[EventType "tourn"]
[EventRounds "1"]
[EventCountry "POL"]
[SourceDate "2011.09.21"]

1. Nf3 f5 2. d4 Nf6 3. g3 g6 4. Bg2 Bg7 5. c4 O-O 6. Nc3 d6 7. b3 c5 8. O-O Nc6
9. e3 e5 10. dxc5 dxc5 11. Qxd8 Rxd8 12. Ba3 e4 13. Ng5 Ng4 14. Rac1 Nce5 15.
Nd5 h6 16. Nxe4 fxe4 17. Bxe4 Bf5 18. Ne7+ Kf7 19. Nxf5 gxf5 20. Bxf5 b6 21. f4
Nxc4 22. bxc4 Nxe3 23. Be4 Rab8 24. Rfe1 Bd4 25. Kh1 $11 Rd6 26. Re2 Rbd8 27.
h3 Re6 28. Bf3 Kf6 29. g4 Rde8 30. Rce1 Bc3 31. Rc1 Bd4 32. Bb2 Kg7 33. Bc3
Bxc3 34. Rxc3 Nf1 35. Rxe6 Rxe6 36. Kg2 Nd2 37. Rd3 Nxc4 38. Rd7+ Kf6 39. Rxa7
Rd6 40. Rh7 Rd2+ 41. Kg3 Rxa2 42. Rxh6+ Kg7 43. g5 Ra3 44. Kg4 Ne3+ 45. Kh5 Nf5
46. Rg6+ Kh7 47. Be4 Ng3+ 48. Kg4 Nxe4 49. Rxb6 Ra7 50. Rc6 Nf2+ 51. Kf5 Nxh3
52. Rh6+ Kg7 53. Rxh3 Rc7 54. Rc3 c4 55. Ke4 Kg6 56. Kd4 Rf7 57. Ke5 Rf5+ 58.
Ke4 Rc5 59. Kd4 Rf5 60. Rf3 c3 61. Kxc3 Ra5 62. Kd4 Kf5 63. Rf1 Rb5 64. Rf2 Ra5
65. Ke3 Ra4 66. Ke2 Ra1 67. Kf3 Re1 68. Rg2 Rf1+ 69. Rf2 Ra1 70. Kg3 Rg1+ 71.
Kh3 Rh1+ 72. Rh2 Rf1 $11 73. Kg3 Rxf4 $11 1/2-1/2

[Event "97th YMCA Autumn B"]
[Site "Warszawa"]
[Date "2011.11.17"]
[Round "8"]
[White "Bernacki, Gabriel"]
[Black "Jozwik, Jacek"]
[Result "0-1"]
[WhiteElo "1914"]
[BlackElo "1998"]
[PlyCount "94"]
[EventDate "2011.09.21"]
[EventType "tourn"]
[EventRounds "1"]
[EventCountry "POL"]
[SourceDate "2011.09.21"]

1. d4 Nf6 2. c4 g6 3. Nc3 Bg7 4. e4 d6 5. Be2 O-O 6. Bg5 h6 7. Be3 c5 8. d5 e6
9. h4 exd5 10. exd5 Re8 11. Nf3 Bf5 12. O-O Ne4 13. Nxe4 Bxe4 14. Qd2 Kh7 15.
a4 Na6 16. Nh2 Nb4 17. Bf3 f5 18. Bxe4 Rxe4 19. Rac1 Qf6 20. f3 Re7 21. Kh1
Rae8 22. Rc3 Qf8 23. Rb3 f4 24. Bg1 Re2 25. Qc1 Qf5 26. Ng4 Rc2 27. Qb1 Ree2
28. Rf2 Rxf2 29. Nxf2 Rxc4 30. Ne4 Qxd5 31. Nc3 Qe6 32. Qd1 Bd4 33. Nb5 a6 34.
Bxd4 axb5 35. Bc3 bxa4 36. Ra3 b5 37. Qd2 Nd5 38. Ra1 b4 39. Qd3 Nxc3 40. bxc3
Rxc3 41. Qa6 Re3 42. Rxa4 Qf6 43. Qc8 Re7 44. Ra8 Qg7 45. Qb8 Rb7 46. Qxd6 b3
47. Qd3 c4 0-1